Mass motions in solar flares and related phenomena (Record no. 3354)

MARC details
000 -LEADER
fixed length control field 00860nam a2200229Ia 4500
003 - CONTROL NUMBER IDENTIFIER
control field IN-BaIIA
008 - FIXED-LENGTH DATA ELEMENTS--GENERAL INFORMATION
fixed length control field 211028s9999 xx 000 0 eng d
040 ## - CATALOGING SOURCE
Transcribing agency IIA Library
080 ## - UNIVERSAL DECIMAL CLASSIFICATION NUMBER
Universal Decimal Classification number 523.985.3
Item number OHM
111 ## - MAIN ENTRY--MEETING NAME
Meeting name or jurisdiction name as entry element Symposium on mass motions in solar flares and related phenomena
Number of part/section/meeting 9th
Location of meeting Anacapri
Date of meeting or treaty signing 1968 June 10-12
9 (RLIN) 5944
245 #0 - TITLE STATEMENT
Title Mass motions in solar flares and related phenomena
Remainder of title proceedings of the Ninth Noble Symposium held in Anacapri, on the Island of Capri, Italy, June 10-12, 1968
Statement of responsibility, etc. edited by Yngue Ohman
260 ## - PUBLICATION, DISTRIBUTION, ETC.
Place of publication, distribution, etc. New York
Name of publisher, distributor, etc. Wiley
Date of publication, distribution, etc. 1968
300 ## - PHYSICAL DESCRIPTION
Extent 245p.
490 ## - SERIES STATEMENT
Series statement Nobel symposium; 9
650 ## - SUBJECT ADDED ENTRY--TOPICAL TERM
Topical term or geographic name entry element Active Sun
9 (RLIN) 5272
650 ## - SUBJECT ADDED ENTRY--TOPICAL TERM
Topical term or geographic name entry element Astronomy and Astrophysics Thesaurus
650 ## - SUBJECT ADDED ENTRY--TOPICAL TERM
Topical term or geographic name entry element Solar Activity
9 (RLIN) 1424
650 ## - SUBJECT ADDED ENTRY--TOPICAL TERM
Topical term or geographic name entry element Solar Flares
9 (RLIN) 4046
700 ## - ADDED ENTRY--PERSONAL NAME
Personal name Ohman, Yngue ed.
9 (RLIN) 5945
710 ## - ADDED ENTRY--CORPORATE NAME
Corporate name or jurisdiction name as entry element University of California
9 (RLIN) 5946
942 ## - ADDED ENTRY ELEMENTS (KOHA)
Koha item type Books
Holdings
Withdrawn status Lost status Damaged status Not for loan Home library Current library Shelving location Date acquired Cost, normal purchase price Total Checkouts Full call number Barcode Date last seen Cost, replacement price Price effective from Koha item type Purchase Price
        IIA Library-Bangalore IIA Library-Bangalore General Stacks 24/12/1969 158.76   523.985.3/ OHM 3729 05/11/2021 158.76 24/12/1969 Books Rs. 158.76

Powered by Koha